| 000 | 00419 a2200145 4500 | ||
|---|---|---|---|
| 082 | _a 340.297 | ||
| 090 |
_c3407 _d3407 |
||
| 100 | _aSiddiqui, Sajid-ur-Rehman. | ||
| 245 |
_aKashaaf estlahaat e qanoon (Islami) _cSajid-ur-Rehman Siddiqui |
||
| 260 |
_aIslamabad: _bMuqtadara Qumi Zuban, _c1991. |
||
| 300 |
_aV.1, 332 p. ; _c24 cm. |
||
| 500 | _aIncludes Index | ||
| 650 | _aLaw--Dictionaries | ||
| 942 |
_cBK _k 340.297 SID |
||
| 999 |
_c7318 _d7318 |
||